| 000 | 00818nam a22002531 4500 | ||
|---|---|---|---|
| 001 | 724 | ||
| 003 | BD-RjUL | ||
| 005 | 20211208233225.0 | ||
| 008 | 131123s1940 ii 000 0 eng d | ||
| 035 | _a(OCoLC)ocm17778747 | ||
| 035 | _a(BD-RjUL)744 | ||
| 040 |
_aIXA _cIXA _dBD-RjUL _beng |
||
| 041 | _aeng | ||
| 082 |
_221 _a027.69 _bELR 1940 |
||
| 099 |
_a016 _aEL1 |
||
| 100 | 1 |
_aElahi, Fazal. _92153 |
|
| 245 | 1 | 0 |
_aReference assistance to Indian readers: _ba text book for librarians / _cby Fazal Elahi ... with an introduction by Prof. Dr. Radhakamal Mukerjee ... |
| 260 |
_a[Lucknow : _bPrinted by B.R. Bhatia], _c1940. |
||
| 300 |
_axii, 166 (i.e. 167) p. ; _c18 cm. |
||
| 500 | _a"First edition, 1940." | ||
| 650 | 0 |
_aReference services (Libraries) _92154 |
|
| 650 | 0 |
_aReference books. _92155 |
|
| 942 |
_2ddc _cBK |
||
| 999 |
_c724 _d724 |
||